Sun Valley architecture and interiors / (Record no. 607766)

000 -LEADER
fixed length control field 02038cam a22003854a 4500
001 - CONTROL NUMBER
control field 14096910
003 - CONTROL NUMBER IDENTIFIER
control field OSt
005 - DATE AND TIME OF LATEST TRANSACTION
control field 20240215115851.0
008 - FIXED-LENGTH DATA ELEMENTS--GENERAL INFORMATION
fixed length control field 050902s2006 utua 000 0 eng
010 ## - LIBRARY OF CONGRESS CONTROL NUMBER
LC control number 2005025786
020 ## - INTERNATIONAL STANDARD BOOK NUMBER
International Standard Book Number 1586855174
020 ## - INTERNATIONAL STANDARD BOOK NUMBER
International Standard Book Number 9781586855178
035 ## - SYSTEM CONTROL NUMBER
System control number (OCoLC)ocm61461700
040 ## - CATALOGING SOURCE
Original cataloging agency DLC
Transcribing agency DLC
Modifying agency IG#
-- BAKER
-- OCO
-- QBX
-- DLC
042 ## - AUTHENTICATION CODE
Authentication code pcc
043 ## - GEOGRAPHIC AREA CODE
Geographic area code n-us-id
050 00 - LIBRARY OF CONGRESS CALL NUMBER
Classification number NA7575
Item number .E34 2006
082 00 - DEWEY DECIMAL CLASSIFICATION NUMBER
Classification number 720.979632
Edition number 22
Author Mark EDI
100 1# - MAIN ENTRY--PERSONAL NAME
Personal name Edison, Alan.
9 (RLIN) 120540
245 10 - TITLE STATEMENT
Title Sun Valley architecture and interiors /
Statement of responsibility, etc. Alan Edison and Jo Rabjohn ; foreword by Mariel Hemingway ; photography by Tim Brown.
250 ## - EDITION STATEMENT
Edition statement 1st ed.
260 ## - PUBLICATION, DISTRIBUTION, ETC.
Place of publication, distribution, etc. Layton, Utah :
Name of publisher, distributor, etc. Gibbs Smith,
Date of publication, distribution, etc. c2006.
300 ## - PHYSICAL DESCRIPTION
Extent 216 p. :
Other physical details ill. (some col.) ;
Dimensions 32 cm.
505 0# - FORMATTED CONTENTS NOTE
Formatted contents note History of Sun Valley -- Architecture for lifestyles: Nature of restraint ; Art and architecture ; Less is a lot more work ; River retreat ; True West ; Timeless homestead ; More is never enough ; Twining occidental and oriental ; An American retreat ; Old-world sophistication ; Rocking T Ranch ; Historic cabin on Trail Creek ; A civilized seclusion ; Nature and nurture ; Territorial homestead ; Artful sanctuary ; Mountain minimalism.
650 #0 - SUBJECT ADDED ENTRY--TOPICAL TERM
Topical term or geographic name entry element Vacation homes
Geographic subdivision Idaho
-- Sun Valley.
9 (RLIN) 120541
650 #0 - SUBJECT ADDED ENTRY--TOPICAL TERM
Topical term or geographic name entry element Interior decoration
Geographic subdivision Idaho
-- Sun Valley.
9 (RLIN) 120542
651 #0 - SUBJECT ADDED ENTRY--GEOGRAPHIC NAME
Geographic name Sun Valley (Idaho)
General subdivision Buildings, structures, etc.
9 (RLIN) 120543
700 1# - ADDED ENTRY--PERSONAL NAME
Personal name Rabjohn, Jo.
9 (RLIN) 120544
856 41 - ELECTRONIC LOCATION AND ACCESS
Materials specified Table of contents
Uniform Resource Identifier <a href="http://www.loc.gov/catdir/toc/ecip0518/2005025786.html">http://www.loc.gov/catdir/toc/ecip0518/2005025786.html</a>
856 42 - ELECTRONIC LOCATION AND ACCESS
Materials specified Publisher description
Uniform Resource Identifier <a href="http://www.loc.gov/catdir/enhancements/fy0811/2005025786-d.html">http://www.loc.gov/catdir/enhancements/fy0811/2005025786-d.html</a>
856 41 - ELECTRONIC LOCATION AND ACCESS
Materials specified Sample text
Uniform Resource Identifier <a href="http://www.loc.gov/catdir/enhancements/fy0811/2005025786-s.html">http://www.loc.gov/catdir/enhancements/fy0811/2005025786-s.html</a>
906 ## - LOCAL DATA ELEMENT F, LDF (RLIN)
a 7
b cbc
c orignew
d 1
e ecip
f 20
g y-gencatlg
942 ## - ADDED ENTRY ELEMENTS (KOHA)
Source of classification or shelving scheme
Koha item type Book
Institution code [OBSOLETE] SADA
Call number prefix 720.979632 EDI 2006
Holdings
Withdrawn status Lost status Source of classification or shelving scheme Damaged status Not for loan Permanent Location Current Location Date acquired Source of acquisition Total Checkouts Full call number Barcode Date last seen Cost, replacement price Price effective from Koha item type
          School of Art Design and Architecture (SADA) School of Art Design and Architecture (SADA) 01/05/2017 S.A.Rehman   720.979632 EDI 2006 SADA0002685 02/15/2024 1864.80 02/15/2024 Book
© 2023 Central Library, National University of Sciences and Technology. All Rights Reserved.